000 00752nam a2200205 i 4500
001 189874
003 ES-MaACL
005 20250819054659.0
007 t|
008 191216s1967 sp ||||1| spa d
100 0 _aAlejandro, José María de.
_919699
245 1 0 _aHumanismo ateo /
_cJosé María de Alejandro.
260 _aBilbao :
_bMensajero,
_c1967.
300 _a357 p. ;
_c19 cm.
490 1 _aPublicaciones de la Universidad de Deusto, Instituto de Ciencias Sociales. Colección "Ciencias Sociales" ;
_v2
650 0 7 _aAteísmo
_2embne
_910395
830 0 0 _aPublicaciones de la Universidad de Deusto, Instituto de Ciencias Sociales.
_pCiencias sociales
_v2
_9225860
852 _aES-MaACL
_jP-1213-2
999 _c189874
_d189874